000 02776cam a22005774i 4500
003 PE-LiUPU
005 20250731180140.0
008 150706s2005 mx a r 000 0 spa d
020 _a9701048342
020 _a9789701048344
035 _a(Sirsi) i9789701048344
040 _aPE-LiUPU
_bspa
_cPE-LiUPU
_erda
049 _aPRUA
082 0 4 _a519.530638
_bL67
_221
100 1 _aLind, Douglas A.,
_eautor.
245 1 0 _aEstadística :
_baplicada a los negocios y a la economía /
_cDouglas A. Lind, William G. Marchal y Samuel A. Wathen.
250 _a12a edición.
264 1 _aMéxico :
_bMcGraW Hill,
_c2005.
300 _a800 páginas :
_bilustraciones ;
_c27 centímetros
300 _a1 CD-ROM
336 _atext
_2rdacontent
337 _aunmediated
_2rdamedia
338 _avolume
_2rdacarrier
505 0 _a¿Qué es estadística? -- Descripción de datos: distribución de frecuencias y su presentación gráfica -- Descripción de datos: medidas de ubicación -- Descripción de datos: medidas de ubicación -- Descripción de datos: presentación y exploración de datos -- Estudio de los conceptos de probabilidad -- Distribuciones discretas de probabilidad -- Distribuciones de probabilidad continua -- Métodos de muestreo y el teorema del límite central -- Estimación e intervalos de confianza -- Pruebas del hipótesis para las muestras de dos poblaciones independientes -- Análisis de la varianza -- Regresión lineal y correlación -- Regresión lineal múltiple y análisis de correlación lineal múltiple -- Métodos no paramétricos: aplicaciones de ji cuadrada -- Métodos no paramétricos: análisis de datos ordenados -- Control de calidad estadístico.
526 _aSEG44
526 _aSEG26
526 _aP159
526 _aP155
526 _aP154
526 _aP153
526 _aP150
526 _aP100
526 _aP31
526 _aP30
526 _aP26
526 _aP25
526 _aP24
526 _aP22
526 _aP15
526 _aP10
541 _g045-0002131;
650 0 4 _aEstadisticas de los negocios.
700 1 _aMarchal, William G.,
_eautor.
700 1 _aWathen, Samuel A.,
_eautor.
910 _agl
_cng
_d20090821
942 _2ddc
_cBOOK
949 _a519.530638 L67
_wDEWEY
_c1
_i60055
_d2016-11-21
_e2016-11-11
_lCCODEBUL1
_mBUL
_n4
_p29.00
_r0
_sY
_tBOOK
_u2015-7-6
_xFCE
_PP04
_o.STAFF. Colección Ciencias Empresariales
994 _aC0
_bPEPRU
596 _a1
999 _a519.530638 L67
_wDEWEY
_c49564
_i60055
_d49564
_e2018-4-11
_f2021-11-5
_g6
_lCCODEBUL1
_mBUL
_n5
_p29.00
_q3
_r0
_sY
_tBOOK
_u2015-7-6
_xFCE
_PP04
_0COMPRA
_o.STAFF. Colección Ciencias Empresariales
980 _81
_gALBERTO SANCHEZ Responsable de Automatización